| 000 | 00447nam a2200157Ia 4500 | ||
|---|---|---|---|
| 003 | SGT | ||
| 020 | _a9788120339040 | ||
| 082 |
_a5.43 _bTAN |
||
| 100 | _aTanenbaum,Andrew S | ||
| 245 | _aModern operating systems | ||
| 250 | _a3rd Ed. | ||
| 260 |
_bPHI Learning Private Limited _aNew Delhi _c2008 |
||
| 300 | _a1076p. | ||
| 650 | _aINTRODUCTION, PROCESSES AND THREADS, MEMORY MANAGEMENT, FILE SYSTEM, INPUT/OUTPUT, DEADLOCKS | ||
| 942 |
_2ddc _cBK _010 |
||
| 999 |
_c5329 _d5329 |
||